000 00987cam0 2200265 ib4500
001 BY-MI0004-br33029
005 20260319105327.0
010 ^a978-5-4453-0122-6
^d1р.
035 ^a(BY-MI0004)BY-MI0004-br33029
100 ^a20190409d2013 u y0rusy50 ca
101 0 ^arus
102 ^aRU
105 ^ay z 000 y
200 1 ^aЖивотные жарких и холодных стран
^bтекст
^eрассказы : для детей старш. дошк. возраста
^fЕвгений Чарушин
210 ^aСанкт-Петербург
^cАкварель
^d2013
215 ^a24с.
^cил.
225 1 ^aЧарушинские зверята
610 0 ^aЖИВОТНЫЙ МИР
686 ^a84(2=411.2)6
^2rubbk
690 ^a1
^2Base
^9BY-MI0004
^xRSEK
700 1 ^aЧарушин
^bЕ.И.
801 0 ^c20190409
^aBY
^bBY-MI0004
^gpsbo
899 ^aBY-MI0004
^h84(2=411.2)6
^iЧ-20